000 00921cam a22002054a 4500
005 20250605164115.0
008 250528s ||||||||||||||||||||||||d
035 _a18053
040 _aGR-AtMCL
_bgre
_dGR-AtMCL
_eAACR2
245 1 _aΜΗΧΑΝΟΓΡΑΦΗΜΕΝΗ ΛΟΓΙΣΤΙΚΗ
250 _a1
260 _bΠρωτοτυπο,
_c1994
300 _a254
505 0 _aΜΗΧΑΝΟΓΡΑΦΗΜΕΝΗ ΛΟΓΙΣΤΙΚΗ ΕΛΛΗΝΙΚΟ ΓΕΝΙΚΟ ΛΟΓΙΣΤΙΚΟ ΣΧΕΔΙΟ ΠΑΡΟΥΣΙΑΣΗ ΑΝΑΛΥΣΗ ΑΡΘΡΩΝ 22, 23, 24, 25 ΚΒΣ ΠΑΡΑΡΤΗΜΑ
520 _aΜΗΧΑΝΟΓΡΑΦΗΜΕΝΗ ΛΟΓΙΣΤΙΚΗ ΕΛΛΗΝΙΚΟ ΓΕΝΙΚΟ ΛΟΓΙΣΤΙΚΟ ΣΧΕΔΙΟ ΠΑΡΟΥΣΙΑΣΗ ΑΝΑΛΥΣΗ ΑΡΘΡΩΝ 22, 23, 24, 25 ΚΒΣ ΠΑΡΑΡΤΗΜΑ
700 1 _aΡεβανογλου Ανδρεας Μ
_94342
942 _cBK
999 _c3445
_d3445